Evaluación de la eficiencia de películas bioactivas como inhibidoras de la actividad microbiana usando la técnica Kirby- Bauer y su biodegradación por envejecimiento.
Presenta una evaluación de la eficiencia de películas bioactivas con actividad inhibitoria frente a un microorganismo, evaluar la eficiencia de películas bioactivas tratadas con suero láctico y definir el tiempo de biodegradación del material determinado como óptimo.
| Main Author: | |
|---|---|
| Other Authors: | |
| Format: | Tesis Section = Libro |
| Language: | Undetermined Spanish |
| Published: |
Managua
UNI
2020
|
| Subjects: |
| LEADER | 01029nam a2200217Ia 4500 | ||
|---|---|---|---|
| 008 | 240830s9999 xx 000 0 und d | ||
| 040 | |a CEDOC DACA-RUSB / Mon 574.19214 R696 | ||
| 041 | |a spa | ||
| 082 | |a Mon 574.19214 R696 | ||
| 100 | 1 | |a Rodriguez Romero, José Felix | |
| 245 | 1 | 0 | |a Evaluación de la eficiencia de películas bioactivas como inhibidoras de la actividad microbiana usando la técnica Kirby- Bauer y su biodegradación por envejecimiento. |
| 260 | |a Managua |b UNI |c 2020 | ||
| 300 | |a 78 p. :il | ||
| 502 | |a Tesis (Ingeniero Químico) -UNI, 2020. | ||
| 520 | 3 | |a Presenta una evaluación de la eficiencia de películas bioactivas con actividad inhibitoria frente a un microorganismo, evaluar la eficiencia de películas bioactivas tratadas con suero láctico y definir el tiempo de biodegradación del material determinado como óptimo. | |
| 650 | 7 | |a BIOQUIMICA INORGANICA. | |
| 650 | 7 | |b TECNICA KIRBY-BAUER 3.SUEROS | |
| 700 | 1 | |a Tutor: |b Taleno, Helia | |
| 942 | |c BK |2 ddc | ||
| 991 | |a TESIS | ||
| 999 | |c 26385 | ||